000 00491nam a2200145 a 4500
001 000030276
005 20200930060206.0
008 110505s2008 dr a r 000 | spa d
040 _aDO-SdBNP
_bspa
_cBNPHU
082 _axxx
_bA798i
111 2 _aAsamblea General de Delegados (
_n30 :
_cBávaro, Higüey :
_d2008)
_956955
245 1 0 _aInforme anual 2007 :
_bMEDICOOP.
260 _aSanto Domingo :
_bCooperativa de Servicios Múltiples de los Médicos,
_c2008.
300 _a53 p. :
_bil. ;
_c28 cm.
999 _c29768
_d29768